[Event "Biel ATO 55th"]
[Site "Biel"]
[Date "2022.??.??"]
[Round "5"]
[White "Stijve, Niels"]
[Black "Altok, Mesut"]
[Result "1-0"]
[WhiteElo "1958"]
[BlackElo "1890"]
[PlyCount "65"]
[EventDate "2022.07.13"]
[EventType "swiss"]
[EventRounds "9"]
[EventCountry "SUI"]
[SourceTitle "EXT 2024"]
[Source "ChessBase"]
[SourceDate "2023.10.10"]
[SourceVersion "1"]
[SourceVersionDate "2023.10.10"]
[SourceQuality "1"]

1. e4 c5 2. Nf3 d6 3. d4 cxd4 4. Nxd4 Nf6 5. Nc3 a6 6. Bg5 e6 7. f4 Nbd7 8. Qe2 Qc7 9. 0-0-0 b5 10. g3 Bb7 11. Bg2 Rc8 12. e5 Bxg2 13. exf6 Qc4 14. Qxg2 gxf6 15. Bh4 b4 16. Nb1 Qxa2 17. Qb7 Qc4 18. Nd2 Rc7 19. Qa8+ Rc8 20. Nxc4 Rxa8 21. Rhe1 d5 22. Ne3 Kd8 23. Ng4 Bg7 24. f5 e5 25. Nxe5 Rf8 26. Nec6+ Kc7 27. Nxb4 Nb6 28. g4 Bh6+ 29. Kb1 Bf4 30. Re7+ Kd6 31. Bxf6 Bxh2 32. Rb7 Nc8 33. Nb5+ 1-0

[Event "Wch U14"]
[Site "Mumbai"]
[Date "2019.10.02"]
[Round "1"]
[White "Stijve, Niels"]
[Black "Samant, Aditya S"]
[Result "0-1"]
[WhiteElo "1868"]
[BlackElo "2334"]
[PlyCount "118"]
[EventDate "2019.10.02"]
[EventType "swiss"]
[EventRounds "11"]
[EventCountry "IND"]
[SourceTitle "EXT 2020"]
[Source "ChessBase"]
[SourceDate "2019.10.17"]
[SourceVersion "1"]
[SourceVersionDate "2019.10.17"]
[SourceQuality "1"]

1. e4 c5 2. Nf3 d6 3. d4 cxd4 4. Nxd4 Nf6 5. Nc3 Nc6 6. f3 e5 7. Nb3 Be7 8. Be3 0-0 9. Qd2 a5 10. Bb5 Na7 11. Bd3 Be6 12. 0-0-0 Nc8 13. Bb5 Nb6 14. Qf2 Nc4 15. Bxc4 Bxc4 16. Bb6 Qc8 17. Nxa5 Be6 18. Kb1 Ra6 19. Nb3 Qc6 20. Be3 b5 21. a3 Rb8 22. Na2 Ra4 23. Qe1 d5 24. exd5 Nxd5 25. Bd2 b4 26. Bxb4 Nxb4 27. Nxb4 Bxb4 28. axb4 Qb5 29. Qe3 Rxb4 30. Rd2 Rxb3 31. cxb3 Bf5+ 32. Kc1 Qa5 33. Kd1 Qa1+ 34. Ke2 Qxh1 35. Qxe5 Qxg2+ 36. Ke1 Qg1+ 37. Ke2 Rf8 38. Qxf5 Qxh2+ 39. Kd1 Qg1+ 40. Kc2 g6 41. Qd7 Qc5+ 42. Kd1 Rc8 43. Qa4 Qe3 44. Qg4 Qxb3+ 45. Ke1 Qe3+ 46. Kd1 Re8 47. Kc2 h5 48. Qd7 Re5 49. Qb7 Rc5+ 50. Kd1 Qg1+ 51. Ke2 Re5+ 52. Kd3 Qf1+ 53. Kd4 Rf5 54. Ke3 Qe1+ 55. Kd3 Kh7 56. b4 Qf1+ 57. Ke3 Qc4 58. Qe7 Qf4+ 59. Kd3 Rd5+ 0-1

[Event "EU Union-ch U12 15th"]
[Site "Mureck"]
[Date "2017.08.08"]
[Round "7"]
[White "Rejniak, Zuzanna"]
[Black "Stijve, Niels"]
[Result "0-1"]
[WhiteElo "1650"]
[BlackElo "1685"]
[PlyCount "120"]
[EventDate "2017.08.02"]
[EventType "swiss"]
[EventRounds "9"]
[EventCountry "AUT"]
[SourceTitle "CBM 180 Extra"]
[Source "ChessBase"]
[SourceDate "2017.10.06"]
[SourceVersion "1"]
[SourceVersionDate "2017.10.06"]
[SourceQuality "1"]

1. Nf3 Nf6 2. c4 e6 3. Nc3 d5 4. e3 Be7 5. d4 0-0 6. Bd3 b6 7. 0-0 Bb7 8. a3 Ne4 9. Qc2 f5 10. cxd5 exd5 11. Ne5 a6 12. b3 Nd7 13. Nxd7 Qxd7 14. f3 Nxc3 15. Qxc3 Bd6 16. Bd2 Qe7 17. Rf2 a5 18. Qb2 Rf6 19. f4 Raf8 20. a4 Rh6 21. Be2 Qh4 22. g3 Rg6 23. Rg2 Qe7 24. Bh5 Rh6 25. Bf3 Re6 26. Re1 Rd8 27. Ree2 Ba3 28. Qc2 g6 29. Qb1 Rc6 30. g4 Bc8 31. g5 Ba6 32. Re1 Bb4 33. h4 Bxd2 34. Rxd2 Rc3 35. Kf2 Qb4 36. Rb2 Bd3 37. Qd1 c6 38. h5 b5 39. hxg6 hxg6 40. Rh1 Qa3 41. Qd2 b4 42. Kg3 Rd7 43. Qh2 Rg7 44. Bd1 Be4 45. Ra2 Qc1 46. Qh8+ Kf7 47. Re1 Rxe3+ 48. Kf2 Rxe1 49. Kxe1 Qe3+ 50. Re2 Qg1+ 51. Kd2 Qxd4+ 52. Ke1 Qa7 53. Kf1 Qc7 54. Rf2 c5 55. Qh2 Kg8 56. Qg3 Rh7 57. Ke2 c4 58. Kd2 c3+ 59. Kc1 Rh1 60. Qe3 c2 0-1

[Event "EU Union-ch U12 15th"]
[Site "Mureck"]
[Date "2017.08.05"]
[Round "4"]
[White "Stijve, Niels"]
[Black "Putar, Leon"]
[Result "1-0"]
[WhiteElo "1685"]
[BlackElo "1500"]
[PlyCount "75"]
[EventDate "2017.08.02"]
[EventType "swiss"]
[EventRounds "9"]
[EventCountry "AUT"]
[SourceTitle "CBM 180 Extra"]
[Source "ChessBase"]
[SourceDate "2017.10.06"]
[SourceVersion "1"]
[SourceVersionDate "2017.10.06"]
[SourceQuality "1"]

1. e4 c5 2. Nf3 d6 3. d4 cxd4 4. Nxd4 Nf6 5. Nc3 g6 6. Be3 Bg7 7. f3 0-0 8. Qd2 Bd7 9. 0-0-0 Nc6 10. h4 Rc8 11. g4 a6 12. h5 b5 13. Bh6 Nxd4 14. Bxg7 Nb3+ 15. axb3 Kxg7 16. hxg6 fxg6 17. Qh6+ Kg8 18. Nd5 Rf7 19. Nxf6+ exf6 20. Rxd6 Qc7 21. Rd2 Qa5 22. Kb1 Be6 23. Bd3 Rcc7 24. Bxb5 Rc8 25. Bd3 Rd8 26. Rdh2 Rg7 27. Qe3 Rb7 28. Qh6 Rg7 29. Rd2 Rgd7 30. Rhd1 Qb4 31. Qe3 a5 32. Kc1 a4 33. Bc4 Kf7 34. Rxd7+ Rxd7 35. Rxd7+ Ke8 36. Bxe6 h5 37. c3 Qb6 38. Qxb6 1-0

[Event "EU Union-ch U12 14th"]
[Site "Mureck"]
[Date "2016.08.11"]
[Round "9"]
[White "Stijve, Niels"]
[Black "Toplisek, Maj"]
[Result "0-1"]
[WhiteElo "1624"]
[BlackElo "1177"]
[PlyCount "80"]
[EventDate "2016.08.03"]
[EventType "swiss"]
[EventRounds "9"]
[EventCountry "AUT"]
[SourceTitle "CBM 174 Extra"]
[Source "ChessBase"]
[SourceDate "2016.10.10"]
[SourceVersion "1"]
[SourceVersionDate "2016.10.10"]
[SourceQuality "1"]

1. e4 c5 2. Nf3 Nc6 3. Bb5 Qc7 4. 0-0 a6 5. Bxc6 dxc6 6. d4 cxd4 7. Nxd4 e5 8. Nb3 Nf6 9. Nc3 Be6 10. Be3 Bb4 11. Na4 Nxe4 12. Bb6 Qe7 13. a3 Bd6 14. f3 Nf6 15. Nbc5 Bc4 16. Re1 Bb5 17. Nxb7 Nd5 18. Nxd6+ Qxd6 19. Bc5 Qb8 20. c3 f6 21. Rc1 Bc4 22. b4 a5 23. Nb2 Ba6 24. c4 Nb6 25. f4 Nd7 26. Bd6 Qa7+ 27. Kh1 Rd8 28. fxe5 Nxe5 29. Rxe5+ fxe5 30. Qh5+ Qf7 31. Qxe5+ Kd7 32. Bc7 Kc8 33. Bxd8 Rxd8 34. Qxa5 Bb7 35. b5 Qf4 36. Qe1 Qh6 37. Rd1 Rxd1 38. Qxd1 Qg6 39. h3 cxb5 40. cxb5 Qxg2# 0-1

[Event "EU Union-ch U12 14th"]
[Site "Mureck"]
[Date "2016.08.10"]
[Round "8"]
[White "Stijve, Niels"]
[Black "Sosovickova, Jana"]
[Result "0-1"]
[WhiteElo "1624"]
[BlackElo "1383"]
[PlyCount "112"]
[EventDate "2016.08.03"]
[EventType "swiss"]
[EventRounds "9"]
[EventCountry "AUT"]
[SourceTitle "CBM 174 Extra"]
[Source "ChessBase"]
[SourceDate "2016.10.10"]
[SourceVersion "1"]
[SourceVersionDate "2016.10.10"]
[SourceQuality "1"]

1. e4 e5 2. Nf3 Nc6 3. d4 exd4 4. Nxd4 Nf6 5. Nxc6 bxc6 6. Qe2 Be7 7. Nc3 0-0 8. Be3 d5 9. 0-0-0 Be6 10. Kb1 Qb8 11. Bc1 a5 12. e5 Nd7 13. f4 Nc5 14. Qh5 f6 15. Bd3 Nxd3 16. Rxd3 Qc8 17. Re1 Qd7 18. Rde3 d4 19. Rd3 Bg4 20. e6 Bxe6 21. Qe2 Bc4 22. Qxe7 Qxe7 23. Rxe7 Bxd3 24. cxd3 dxc3 25. bxc3 Rab8+ 26. Kc2 Rbc8 27. Re6 Rfe8 28. Rxc6 Re2+ 29. Bd2 Rxg2 30. Ra6 Rxh2 31. Rxa5 h5 32. a4 h4 33. Ra7 h3 34. a5 Rg2 35. Rb7 h2 36. Rb1 Rg1 37. a6 Rxb1 38. Kxb1 h1Q+ 39. Kc2 Qa8 40. d4 Qxa6 41. f5 Qd6 42. Kd3 c5 43. Be3 cxd4 44. Bxd4 Qg3+ 45. Ke4 Rxc3 46. Bxc3 Qxc3 47. Kd5 Qe5+ 48. Kc6 Qd4 49. Kb5 Qc3 50. Kb6 Kf7 51. Kb5 Ke7 52. Kb6 Kd7 53. Kb5 Kd6 54. Kb6 Qb4+ 55. Ka6 Kc7 56. Ka7 Qa5# 0-1

[Event "EU Union-ch U12 14th"]
[Site "Mureck"]
[Date "2016.08.06"]
[Round "4"]
[White "Stijve, Niels"]
[Black "Putar, Leon"]
[Result "0-1"]
[WhiteElo "1624"]
[BlackElo "1647"]
[PlyCount "148"]
[EventDate "2016.08.03"]
[EventType "swiss"]
[EventRounds "9"]
[EventCountry "AUT"]
[SourceTitle "CBM 174 Extra"]
[Source "ChessBase"]
[SourceDate "2016.10.10"]
[SourceVersion "1"]
[SourceVersionDate "2016.10.10"]
[SourceQuality "1"]

1. e4 c5 2. Nf3 d6 3. d4 cxd4 4. Nxd4 Nf6 5. Nc3 g6 6. Be3 Bg7 7. f3 0-0 8. Qd2 Nc6 9. 0-0-0 Be6 10. g4 Bd7 11. h4 a6 12. h5 Bxg4 13. fxg4 Nxg4 14. Nxc6 bxc6 15. Bd4 Bh6 16. Qxh6 Nxh6 17. hxg6 fxg6 18. Rxh6 e5 19. Be3 Rf3 20. Rh3 Qf6 21. Rxf3 Qxf3 22. Bb6 Rf8 23. Bxa6 h5 24. Rxd6 Rf6 25. Bc4+ Kh7 26. Rd7+ Kh6 27. Kd2 Qg2+ 28. Be2 Qh3 29. Rd8 Rf7 30. Be3+ Kg7 31. Rd3 Qg2 32. Bc5 h4 33. Bd6 Qg5+ 34. Ke1 Qf6 35. Bc5 Qg5 36. Kd1 Qg2 37. Bd6 Qh2 38. Ke1 Kh7 39. Nd1 h3 40. Bf3 Qg3+ 41. Ke2 h2 42. Bh1 Qg4+ 43. Kd2 Rf1 44. Ne3 Rf2+ 45. Kc3 Qg1 46. Rd1 Qg3 47. Rd3 Rf3 48. Bc5 Qe1+ 49. Kc4 Qxh1 50. Rd7+ Kh6 51. Bb6 Qf1+ 52. Nxf1 Rxf1 53. Be3+ g5 54. Bxg5+ Kxg5 55. Rh7 h1Q 56. Rxh1 Rxh1 57. a4 Ra1 58. b3 Kf4 59. Kd3 c5 60. c3 Ra3 61. Kc4 Kxe4 62. Kxc5 Kd3 63. Kb4 Ra1 64. a5 e4 65. Kb5 e3 66. a6 e2 67. Kb6 e1Q 68. c4 Kd4 69. a7 Qe6+ 70. Kb7 Rxa7+ 71. Kxa7 Kc5 72. Kb7 Qb6+ 73. Ka8 Kc6 74. c5 Qb7# 0-1